| 000 | 01333nam a2200373 a 4500 | ||
|---|---|---|---|
| 001 | vtls000195942 | ||
| 003 | NLI | ||
| 005 | 20210602113029.0 | ||
| 008 | 101125s1975 ilua 001 0 eng | ||
| 020 |
_a0226450244 : _cUSD 13.00 |
||
| 039 | 9 |
_y201011252321 _zVLOAD |
|
| 040 | 0 |
_aNLI _beng _cDatasoft 1 _eAACR2 |
|
| 041 | 1 |
_aeng _hger |
|
| 044 | _ailu | ||
| 082 | 0 | 4 | _a301.42 |
| 100 | 1 |
_aKohler, Josef, _d1849-1919 _9374430 |
|
| 240 | 1 | 0 |
_aZur Urgeschichte der Ehe . _lEnglish |
| 245 | 1 | 0 |
_aOn the prehistory of marriage : _btotemism, group marriage, mother right / _cJosef Kohler ; edited by R. H. Barnes |
| 260 |
_aChicago : _bUniversity of Chicago Press, _c1975 |
||
| 300 |
_aix, 298 p. : _bill. ; _c23 cm. |
||
| 440 | 0 |
_aClassics in anthropology _9155658 |
|
| 500 | _aTranslated from the German | ||
| 504 | _aIncludes bibliographical references and index | ||
| 650 | 0 |
_aMarriage _xHistory _9205532 |
|
| 650 | 0 |
_aKinship _9136514 |
|
| 650 | 0 |
_aPrimitive societies _9128980 |
|
| 700 | 1 |
_aBarnes, R. H., _4edt _9374431 |
|
| 887 | _a | ||
| 901 |
_a421953 _b15.11.1975 |
||
| 902 | _aE 301.42 K 824 | ||
| 942 |
_2ddc _cBKS |
||
| 949 |
_AVIRTUAITEM _D10000 _X100 _6PUR000421953ENG |
||
| 999 |
_aVIRTUA40 _c200056 _d200056 |
||
| 999 | _aVTLSSORT0080*0200*0400*0410*0440*0820*1000*2400*2450*2600*3000*4400*5000*5040*6500*6501*6502*7000*9010*9020*9490*9991 | ||